[Event "Mallorca-chT Preferente"]
[Site "Mallorca"]
[Date "2021.04.17"]
[Round "6"]
[White "Segui Patino, Javier"]
[Black "Baldo Company, Jordi"]
[Result "1-0"]
[WhiteElo "1992"]
[BlackElo "1549"]
[PlyCount "43"]
[EventDate "2021.03.06"]
[EventType "team-swiss"]
[EventRounds "7"]
[EventCountry "ESP"]
[SourceTitle "EXT 2023"]
[Source "ChessBase"]
[SourceDate "2022.10.05"]
[SourceVersion "1"]
[SourceVersionDate "2022.10.05"]
[SourceQuality "1"]
[WhiteTeam "Sa Dragonera"]
[BlackTeam "Mestral Palmanyola"]
[WhiteTeamCountry "ESP"]
[BlackTeamCountry "ESP"]

1. e4 c5 2. Nf3 d6 3. d4 cxd4 4. Nxd4 Nf6 5. Nc3 g6 6. f3 Bg7 7. Be3 0-0 8. Bc4 Nc6 9. Qd2 Bd7 10. 0-0-0 Rc8 11. Bb3 Nxd4 12. Bxd4 b5 13. g4 a5 14. g5 b4 15. gxf6 bxc3 16. Bxc3 Bxf6 17. Bxf6 exf6 18. Qxd6 a4 19. Qxd7 axb3 20. Qxd8 bxa2 21. Qa5 Ra8 22. Qxa8 1-0

[Event "Mallorca-chT Preferente"]
[Site "Palma de Mallorca"]
[Date "2020.02.29"]
[Round "5.6"]
[White "Ferenczi, Robert Frank"]
[Black "Segui Patino, Javier"]
[Result "0-1"]
[WhiteElo "1740"]
[BlackElo "1985"]
[PlyCount "70"]
[EventDate "2020.02.01"]
[EventType "team-tourn"]
[EventRounds "9"]
[EventCountry "ESP"]
[SourceTitle "CBM 195 Extra"]
[Source "ChessBase"]
[SourceDate "2020.05.31"]
[SourceVersion "1"]
[SourceVersionDate "2020.05.31"]
[SourceQuality "1"]
[WhiteTeam "Alcudia"]
[BlackTeam "Sa Dragonera"]
[WhiteTeamCountry "ESP"]
[BlackTeamCountry "ESP"]

1. e4 c5 2. Nc3 e6 3. f4 d5 4. Nf3 Nf6 5. Bb5+ Bd7 6. Bxd7+ Qxd7 7. Ne5 Qd8 8. Qe2 Nc6 9. Nxc6 bxc6 10. e5 Nd7 11. 0-0 Qc7 12. d3 Be7 13. b3 0-0 14. Qg4 Rae8 15. Be3 Bd8 16. d4 Be7 17. dxc5 Bxc5 18. Bxc5 Nxc5 19. Rf3 f6 20. Re1 Nd7 21. Rg3 Rf7 22. Qh5 fxe5 23. fxe5 Ref8 24. Qe2 Rf5 25. Rf3 Rxf3 26. gxf3 Rf5 27. f4 Rxf4 28. Qh5 Qd8 29. Kh1 Qf8 30. Qh3 Qf5 31. Qg2 Kf7 32. Qg3 Rf1+ 33. Rxf1 Qxf1+ 34. Qg1 Qxg1+ 35. Kxg1 Nxe5 0-1

[Event "Mallorca-chB"]
[Site "Palma de Mallorca"]
[Date "2011.11.12"]
[Round "4"]
[White "Boix Pons, Catalina"]
[Black "Segui Patino, Javier"]
[Result "0-1"]
[WhiteElo "1900"]
[BlackElo "2039"]
[PlyCount "92"]
[EventDate "2011.10.29"]
[EventType "swiss"]
[EventRounds "8"]
[EventCountry "ESP"]
[SourceTitle "EXT 2014"]
[Source "ChessBase"]
[SourceDate "2013.11.20"]
[SourceVersion "1"]
[SourceVersionDate "2013.11.20"]
[SourceQuality "1"]

1. d4 d5 2. Nf3 c5 3. e3 e6 4. Be2 Nf6 5. 0-0 Be7 6. a3 0-0 7. Nbd2 Nbd7 8. c3 Qc7 9. Qc2 b6 10. e4 dxe4 11. Nxe4 Nxe4 12. Qxe4 Bb7 13. Qg4 Bf6 14. Be3 Rad8 15. Rfd1 Rfe8 16. Ng5 cxd4 17. cxd4 Nf8 18. Rac1 Qd7 19. Ne4 Bxe4 20. Qxe4 Rc8 21. Ba6 Rxc1 22. Rxc1 Rd8 23. Rd1 Ng6 24. h3 Ne7 25. Bd3 g6 26. Bc4 Kg7 27. Bf4 Nd5 28. Be5 Qe7 29. Rd3 Kg8 30. Rf3 Bg7 31. h4 h5 32. Bxg7 Kxg7 33. Qe5+ Kg8 34. Rg3 Qf6 35. Qe4 Ne7 36. Rd3 Nf5 37. Qb7 Rxd4 38. Qc8+ Kg7 39. g3 Rxd3 40. Bxd3 Qxb2 41. Qc7 Qxa3 42. Qe5+ Kh7 43. Bxf5 exf5 44. Qc7 Qa1+ 45. Kg2 Kg7 46. Kf3 b5 0-1

[Event "Palma de Mallorca op 3rd"]
[Site "Palma de Mallorca"]
[Date "2008.12.10"]
[Round "5"]
[White "Barcelo Pujadas, Pedro Jose"]
[Black "Segui Patino, Javier"]
[Result "1/2-1/2"]
[WhiteElo "2269"]
[BlackElo "2035"]
[PlyCount "110"]
[EventDate "2008.12.06"]
[EventType "swiss"]
[EventRounds "9"]
[EventCountry "ESP"]
[SourceTitle "CBM 127 Extra"]
[Source "ChessBase"]
[SourceDate "2009.01.08"]
[SourceVersion "2"]
[SourceVersionDate "2009.01.28"]
[SourceQuality "1"]

1. Nf3 d5 2. c4 e6 3. g3 Nf6 4. Bg2 c5 5. 0-0 Nc6 6. d4 Be7 7. Nc3 0-0 8. cxd5 exd5 9. b3 Ne4 10. Bb2 Bf6 11. Na4 b6 12. Rc1 Re8 13. dxc5 Bxb2 14. Nxb2 bxc5 15. Na4 Ba6 16. Re1 c4 17. Nd2 Qf6 18. Nxe4 dxe4 19. bxc4 Rad8 20. Qb3 Nd4 21. Qa3 Rc8 22. Nc5 Qd6 23. Qxa6 Qxc5 24. e3 Nc6 25. a3 Na5 26. Qb5 f5 27. Red1 Nxc4 28. Qxc5 Rxc5 29. Bf1 Rec8 30. Bxc4+ Rxc4 31. Rxc4 Rxc4 32. Rd8+ Kf7 33. Rd7+ Kg6 34. Rxa7 Rc1+ 35. Kg2 h5 36. Ra6+ Kf7 37. a4 Ra1 38. a5 Ke7 39. Ra8 Kf7 40. a6 g6 41. Kh3 Ra2 42. Kh4 Kf6 43. a7 Kg7 44. Kg5 Ra6 45. h4 Kh7 46. Kf4 Ra5 47. f3 exf3 48. Kxf3 Ra2 49. Kf4 Ra5 50. e4 Ra4 51. Re8 Rxa7 52. exf5 gxf5 53. Rf8 Rg7 54. Rxf5 Rg4+ 55. Kf3 Kh6 1/2-1/2

[Event "Mallorca-ch D1"]
[Site "Palma de Mallorca"]
[Date "2000.11.04"]
[Round "3"]
[White "Ripoll Marques, Antonio"]
[Black "Segui Patino, Javier"]
[Result "1/2-1/2"]
[WhiteElo "2053"]
[BlackElo "1999"]
[PlyCount "109"]
[EventDate "2000.??.??"]
[EventType "swiss"]
[EventRounds "8"]
[EventCountry "ESP"]
[SourceTitle "EXT 2003"]
[Source "ChessBase"]
[SourceDate "2002.11.25"]
[SourceVersion "1"]
[SourceVersionDate "2002.11.25"]
[SourceQuality "1"]

1. e4 c5 2. Nf3 e6 3. Be2 Nc6 4. Nc3 a6 5. 0-0 Qc7 6. d3 Nf6 7. Re1 Be7 8. Bg5 b6 9. Bf1 d6 10. Qd2 Bb7 11. Rad1 Nd4 12. Nxd4 cxd4 13. Ne2 h6 14. Bf4 e5 15. Bg3 Nh5 16. f4 Rc8 17. Rc1 Nxg3 18. Nxg3 Bh4 19. Re2 exf4 20. Nf5 Bg5 21. Qb4 f3 22. Ree1 0-0 23. Ra1 fxg2 24. Bxg2 Qc5 25. Qxd4 g6 26. Qxc5 dxc5 27. Nd6 Rc7 28. Nc4 b5 29. Ne3 Bxe3+ 30. Rxe3 Re8 31. a4 Bc6 32. axb5 axb5 33. Ra6 Ra8 34. Rxa8+ Bxa8 35. Kf2 Ra7 36. c3 Kf8 37. d4 cxd4 38. cxd4 Ra4 39. Ra3 Bc6 40. d5 Bd7 41. Rxa4 bxa4 42. Ke3 f6 43. Kd4 Ke7 44. Kc5 g5 45. Bf3 g4 46. Be2 h5 47. Bd1 h4 48. d6+ Kd8 49. Kd4 g3 50. hxg3 hxg3 51. Ke3 g2 52. Kf2 g1Q+ 53. Kxg1 Bc6 54. Kf2 Kd7 55. Ke3 1/2-1/2

[Event "Mallorca-ch D1"]
[Site "Palma de Mallorca"]
[Date "2000.10.28"]
[Round "2"]
[White "Navarrete Terrasa, Sebastian"]
[Black "Segui Patino, Javier"]
[Result "1-0"]
[WhiteElo "2020"]
[BlackElo "1999"]
[PlyCount "75"]
[EventDate "2000.??.??"]
[EventType "swiss"]
[EventRounds "8"]
[EventCountry "ESP"]
[SourceTitle "EXT 2003"]
[Source "ChessBase"]
[SourceDate "2002.11.25"]
[SourceVersion "1"]
[SourceVersionDate "2002.11.25"]
[SourceQuality "1"]

1. e4 c5 2. Nc3 Nc6 3. g3 g6 4. Bg2 Bg7 5. d3 e6 6. Be3 d6 7. Qd2 Nd4 8. Nf3 Ne7 9. 0-0 Rb8 10. Nd1 b5 11. Ne1 b4 12. Bh6 0-0 13. Bxg7 Kxg7 14. f4 a5 15. c3 bxc3 16. bxc3 Ndc6 17. Ne3 d5 18. exd5 exd5 19. Nf3 Nf5 20. Nxd5 Qxd5 21. Ne5 Qd6 22. Nxc6 Rb6 23. Nxa5 Ba6 24. Rfd1 Rd8 25. Be4 Ne7 26. c4 f5 27. Qc3+ Qf6 28. Qxf6+ Kxf6 29. Bf3 Rbd6 30. Be2 h6 31. Nb3 Rc8 32. Rac1 Nc6 33. Bf1 Nd4 34. Nxd4 Rxd4 35. Rb1 Rc6 36. Re1 Bc8 37. Rb5 Bd7 38. Ra5 1-0